[Event "88th ch-ARG Superior 2013"]
[Site "Resistance/Saenz Pena ARG"]
[Date "2013.08.29"]
[Round "5.2"]
[White "Lorenzini, Martin"]
[Black "Pierrot, Facundo"]
[Result "1-0"]
[BlackTitle "IM"]
[WhiteElo "2487"]
[BlackElo "2419"]
[WhiteFideId "105570"]
[BlackFideId "103250"]
[EventDate "2013.08.25"]

1. e4 e5 2. Nf3 Nf6 3. d4 Nxe4 4. Bd3 d5 5. Nxe5 Nd7 6. Nxd7 Bxd7 7. Nc3 Nxc3 8.
bxc3 Bd6 9. Qh5 Qe7+ 10. Be3 O-O-O 11. Qxd5 Bf4 12. Qf3 Bxe3 13. fxe3 Rhe8 14.
O-O Bc6 15. Qxf7 Qxe3+ 16. Qf2 Qh6 17. Rae1 g6 18. Re5 Rxe5 19. dxe5 Qg5 20. Re1
Re8 21. h4 Qe7 22. Re2 b6 23. Kh2 Rf8 24. Qd4 Rd8 25. Qf4 Rf8 26. Qg4+ Qd7 27.
Kg3 Bd5 28. Ba6+ Kd8 29. Rd2 1-0

[Event "88th ch-ARG Superior 2013"]
[Site "Resistance/Saenz Pena ARG"]
[Date "2013.08.29"]
[Round "5.3"]
[White "Slipak, Sergio"]
[Black "Mareco, Sandro"]
[Result "0-1"]
[WhiteTitle "GM"]
[BlackTitle "GM"]
[WhiteElo "2444"]
[BlackElo "2561"]
[WhiteFideId "100250"]
[BlackFideId "112275"]
[EventDate "2013.08.25"]

1. d4 Nf6 2. c3 b6 3. Bg5 Bb7 4. Nd2 e6 5. Ngf3 Be7 6. g3 c5 7. Bg2 O-O 8. O-O
d6 9. Ne1 d5 10. Nd3 Nbd7 11. Nf3 h6 12. Bf4 Ne4 13. Nfe5 Ndf6 14. Qa4 Kh8 15.
dxc5 bxc5 16. c4 Bd6 17. Qb5 Rb8 18. f3 Ng5 19. h4 Ngh7 20. Qa4 Qc7 21. g4 dxc4
22. Qxc4 Nd5 23. Rfc1 Ba6 24. Qxa6 Nxf4 25. Nxf4 Bxe5 26. e3 Bxb2 27. Rab1 Bxc1
28. Rxc1 Qe5 29. Qd3 Rfd8 30. Qc3 Qxc3 31. Rxc3 Rb2 32. Rxc5 Rxa2 33. Rc7 Kg8
34. e4 Nf6 35. g5 hxg5 36. hxg5 e5 37. gxf6 exf4 38. e5 gxf6 0-1

[Event "88th ch-ARG Superior 2013"]
[Site "Resistance/Saenz Pena ARG"]
[Date "2013.08.29"]
[Round "5.4"]
[White "Flores, Diego"]
[Black "Perez Ponsa, Federico"]
[Result "1/2-1/2"]
[WhiteTitle "GM"]
[BlackTitle "GM"]
[WhiteElo "2578"]
[BlackElo "2497"]
[WhiteFideId "108049"]
[BlackFideId "117927"]
[EventDate "2013.08.25"]

1. c4 e5 2. g3 Nf6 3. Bg2 c6 4. d4 exd4 5. Qxd4 Na6 6. Nf3 d5 7. O-O Be7 8. cxd5
Qxd5 9. Nc3 Qh5 10. Bg5 h6 11. Bxf6 Bxf6 12. Qe3+ Be7 13. Nd4 Bd7 14. b4 Rc8 15.
b5 Nc5 16. Rab1 Qg5 17. f4 Qf6 18. bxc6 bxc6 19. Rb7 O-O 20. Ne4 Nxe4 21. Rxd7
Bc5 22. Qxe4 Rfe8 23. Qc2 Bxd4+ 24. Kh1 Re7 25. Rxe7 Qxe7 26. Rd1 Bb6 27. e4 Rd8
28. e5 Rxd1+ 29. Qxd1 Qc5 30. h4 h5 31. Kh2 g6 32. Qd7 Qd4 33. Qe8+ Kg7 34. Qxc6
Qd8 35. Bd5 Qe7 36. Kg2 Bd8 37. Qd6 Qc7 38. Bc6 Qe7 39. Bd5 Qc7 40. Kh3 Qc8+ 41.
Kh2 Qc7 42. Bb3 Qb6 43. Kh3 Qb7 44. Qd1 Bb6 45. Kh2 Qe4 46. Bd5 Qd4 47. Qb3 Qd2+
48. Bg2 Bf2 49. Qb7 Qe3 50. Qf3 Qxf3 51. Bxf3 Be1 52. Kg2 Kf8 53. Bd5 Ke7 54.
Kf3 Bc3 55. Bb3 Bd4 56. g4 Bc3 57. gxh5 gxh5 58. Kg3 f6 59. Bd1 fxe5 60. fxe5
Bxe5+ 61. Kg2 Bf6 62. Bxh5 Bxh4 1/2-1/2

[Event "88th ch-ARG Superior 2013"]
[Site "Resistance/Saenz Pena ARG"]
[Date "2013.08.29"]
[Round "5.5"]
[White "Peralta, Fernando"]
[Black "Paveto, Kevin"]
[Result "1-0"]
[WhiteTitle "GM"]
[BlackTitle "FM"]
[WhiteElo "2609"]
[BlackElo "2343"]
[WhiteFideId "105309"]
[BlackFideId "173444"]
[EventDate "2013.08.25"]

1. Nf3 Nf6 2. c4 g6 3. Nc3 d5 4. cxd5 Nxd5 5. Qb3 Nb6 6. d4 Bg7 7. e4 O-O 8. Be3
Bg4 9. Rd1 Nc6 10. d5 Ne5 11. Be2 Nxf3+ 12. gxf3 Bh5 13. Rg1 Qc8 14. Rg3 c6 15.
a4 cxd5 16. a5 d4 17. Bxd4 Bxd4 18. Rxd4 Nd7 19. Nd5 Qc1+ 20. Rd1 Qc5 21. Qxb7
Nf6 22. Qxe7 Qxa5+ 23. b4 Nxd5 24. Qxf8+ Rxf8 25. bxa5 Nc3 26. Rd7 a6 27. Bxa6
Ra8 28. Rd6 Na2 29. Rb6 Kg7 30. f4 Nc1 31. Kd2 1-0

[Event "88th ch-ARG Superior 2013"]
[Site "Resistance/Saenz Pena ARG"]
[Date "2013.08.29"]
[Round "5.6"]
[White "Krysa, Leandro"]
[Black "Liascovich, Lucas"]
[Result "0-1"]
[WhiteTitle "IM"]
[BlackTitle "IM"]
[WhiteElo "2422"]
[BlackElo "2447"]
[WhiteFideId "116807"]
[BlackFideId "108634"]
[EventDate "2013.08.25"]

1. d4 d5 2. c4 e5 3. dxe5 d4 4. Nf3 Nc6 5. Nbd2 f6 6. exf6 Nxf6 7. Nb3 Bg4 8. a3
Qe7 9. Bg5 O-O-O 10. Qd2 Qf7 11. Bxf6 gxf6 12. Na5 Nxa5 13. Qxa5 Qxc4 14. Qxa7
Qb5 15. b4 Qc6 16. Rd1 Bxf3 17. gxf3 Qc3+ 18. Rd2 Qa1+ 19. Rd1 Bxb4+ 0-1

[Event "88th ch-ARG Superior 2013"]
[Site "Resistance/Saenz Pena ARG"]
[Date "2013.08.29"]
[Round "5.7"]
[White "Tristan, Leonardo"]
[Black "Valerga, Diego"]
[Result "1/2-1/2"]
[WhiteTitle "IM"]
[BlackTitle "GM"]
[WhiteElo "2457"]
[BlackElo "2490"]
[WhiteFideId "113816"]
[BlackFideId "100587"]
[EventDate "2013.08.25"]

1. d4 d5 2. c4 e6 3. Nc3 c6 4. e4 Bb4 5. Bd2 Ne7 6. Nf3 b6 7. Bd3 Ba6 8. Qe2 Nd7
9. O-O Bxc3 10. Bxc3 O-O 11. e5 h6 12. Bb4 c5 13. Ba3 Bxc4 14. Bxc4 dxc4 15.
Qxc4 Qb8 16. dxc5 Rc8 17. c6 Nxc6 18. Qe2 Ndxe5 19. Rfd1 Nxf3+ 20. Qxf3 Qb7 21.
Rac1 Na5 22. Qxb7 Nxb7 23. h3 Na5 24. Rxc8+ Rxc8 25. Rd7 Rc1+ 26. Kh2 Rc2 27.
Rxa7 Nc4 28. Kg1 g5 29. b3 Na5 30. Bb4 Rxa2 31. Bc3 Rc2 32. Bxa5 1/2-1/2

[Event "88th ch-ARG Superior 2013"]
[Site "Resistance/Saenz Pena ARG"]
[Date "2013.08.30"]
[Round "6.1"]
[White "Felgaer, Ruben"]
[Black "Valerga, Diego"]
[Result "1-0"]
[WhiteTitle "GM"]
[BlackTitle "GM"]
[WhiteElo "2586"]
[BlackElo "2490"]
[WhiteFideId "107069"]
[BlackFideId "100587"]
[EventDate "2013.08.25"]

1. e4 c5 2. Nf3 d6 3. d4 cxd4 4. Nxd4 Nf6 5. Nc3 Nc6 6. Bg5 e6 7. Qd2 a6 8.
O-O-O Bd7 9. f4 Be7 10. Nf3 b5 11. Bxf6 gxf6 12. Kb1 Qb6 13. f5 O-O-O 14. fxe6
fxe6 15. g3 Kb8 16. Bh3 Bc8 17. Qe1 Rhe8 18. Ne2 Bf8 19. Nf4 Bg7 20. Rf1 Na5 21.
Nd4 f5 22. Qxa5 Bxd4 23. Qxb6+ Bxb6 24. exf5 exf5 25. Nd5 Ba7 26. Bxf5 Bb7 27.
Bxh7 Re2 28. h3 Rg2 29. g4 Rg3 30. Nf4 Be3 31. Bf5 d5 32. c3 Rh8 33. Nxd5 Bxd5
34. Rxd5 Rhxh3 35. Rd7 Rh2 36. Be4 Bf4 37. a4 Rxg4 38. Rb7+ Kc8 39. Rf7 1-0

[Event "88th ch-ARG Superior 2013"]
[Site "Resistance/Saenz Pena ARG"]
[Date "2013.08.30"]
[Round "6.2"]
[White "Liascovich, Lucas"]
[Black "Tristan, Leonardo"]
[Result "1/2-1/2"]
[WhiteTitle "IM"]
[BlackTitle "IM"]
[WhiteElo "2447"]
[BlackElo "2457"]
[WhiteFideId "108634"]
[BlackFideId "113816"]
[EventDate "2013.08.25"]

1. Nf3 Nf6 2. c4 e6 3. g3 d5 4. b3 Be7 5. Bg2 O-O 6. Bb2 c5 7. O-O Nc6 8. cxd5
Nxd5 9. Nc3 Nxc3 10. Bxc3 Qc7 11. Qc2 e5 12. b4 Rd8 13. bxc5 Bxc5 14. d3 Qe7 15.
Rac1 Ba3 16. Bb2 Bxb2 17. Qxb2 1/2-1/2

[Event "88th ch-ARG Superior 2013"]
[Site "Resistance/Saenz Pena ARG"]
[Date "2013.08.30"]
[Round "6.3"]
[White "Paveto, Kevin"]
[Black "Krysa, Leandro"]
[Result "1/2-1/2"]
[WhiteTitle "FM"]
[BlackTitle "IM"]
[WhiteElo "2343"]
[BlackElo "2422"]
[WhiteFideId "173444"]
[BlackFideId "116807"]
[EventDate "2013.08.25"]

1. e4 e5 2. Nf3 Nc6 3. Bc4 Bc5 4. c3 Nf6 5. d4 exd4 6. e5 d5 7. Bb5 Ne4 8. Nxd4
O-O 9. Bxc6 bxc6 10. O-O Qh4 11. Be3 Bd7 12. f3 Ng5 13. Qd2 f6 14. b4 Bb6 15.
exf6 gxf6 16. Qf2 Qxf2+ 17. Bxf2 a5 18. Nd2 axb4 19. cxb4 Ra4 20. a3 c5 21. Nc2
Ne6 22. bxc5 Nxc5 1/2-1/2

[Event "88th ch-ARG Superior 2013"]
[Site "Resistance/Saenz Pena ARG"]
[Date "2013.08.30"]
[Round "6.4"]
[White "Perez Ponsa, Federico"]
[Black "Peralta, Fernando"]
[Result "1/2-1/2"]
[WhiteTitle "GM"]
[BlackTitle "GM"]
[WhiteElo "2497"]
[BlackElo "2609"]
[WhiteFideId "117927"]
[BlackFideId "105309"]
[EventDate "2013.08.25"]

1. d4 d5 2. c4 c6 3. Nf3 Nf6 4. e3 Bg4 5. Qb3 Qb6 6. Nc3 e6 7. Nh4 Bh5 8. h3 Be7
9. Bd2 Nfd7 10. g4 Bxh4 11. gxh5 Be7 12. Qc2 Nf6 13. Rg1 g6 14. hxg6 hxg6 15.
O-O-O Nbd7 16. Rg3 Qc7 17. Kb1 a6 18. Rc1 Rh4 19. f4 Nb6 20. cxd5 cxd5 21. Be1 1/2-1/2

[Event "88th ch-ARG Superior 2013"]
[Site "Resistance/Saenz Pena ARG"]
[Date "2013.08.30"]
[Round "6.6"]
[White "Pierrot, Facundo"]
[Black "Slipak, Sergio"]
[Result "1/2-1/2"]
[WhiteTitle "IM"]
[BlackTitle "GM"]
[WhiteElo "2419"]
[BlackElo "2444"]
[WhiteFideId "103250"]
[BlackFideId "100250"]
[EventDate "2013.08.25"]

1. e4 e5 2. Nf3 Nf6 3. Nxe5 d6 4. Nf3 Nxe4 5. Qe2 Qe7 6. d3 Nf6 7. Bg5 Qxe2+ 8.
Bxe2 Be7 9. Nc3 c6 10. O-O-O Na6 11. Rhe1 Nc7 12. Ne4 Nxe4 13. dxe4 Ne6 14. Bxe7
Kxe7 1/2-1/2

[Event "88th ch-ARG Superior 2013"]
[Site "Resistance/Saenz Pena ARG"]
[Date "2013.08.30"]
[Round "6.7"]
[White "Iermito, Sebastian"]
[Black "Lorenzini, Martin"]
[Result "0-1"]
[WhiteTitle "IM"]
[WhiteElo "2473"]
[BlackElo "2487"]
[WhiteFideId "114286"]
[BlackFideId "105570"]
[EventDate "2013.08.25"]

1. e4 e5 2. Nf3 Nc6 3. Bb5 Bc5 4. c3 f5 5. exf5 e4 6. d4 exf3 7. dxc5 Qe7+ 8.
Be3 fxg2 9. Rg1 Nf6 10. Nd2 O-O 11. Rxg2 d5 12. cxd6 Qxd6 13. Qf3 Ne5 14. Qf4
Bd7 15. Bc4+ Nxc4 16. Qxc4+ Qd5 17. O-O-O Bxf5 18. Bd4 Qxc4 19. Nxc4 Rae8 20.
Rdg1 g6 21. Ne3 Be4 22. Rg5 b6 23. f4 h6 24. Re5 Kf7 25. Ng4 Nxg4 26. Rxg4 c5
27. Be3 Bf5 28. Rg1 Rxe5 29. fxe5 g5 30. Bf2 Be6 31. a3 Kg6 32. Bg3 h5 33. Kd2
Rf3 34. Rg2 Kf5 35. Rf2 Kg4 36. Re2 Rxg3 37. hxg3 Kxg3 38. Ke3 h4 39. Re1 g4 40.
Rg1+ Kh2 41. Rd1 Bb3 42. Rd2+ Kg3 43. Ke4 h3 44. Rd3+ Kh4 45. Kf4 h2 46. Rd7 Bg8
47. Rd6 Bf7 48. Rd1 Bd5 0-1

[Event "88th ch-ARG Superior 2013"]
[Site "Resistance/Saenz Pena ARG"]
[Date "2013.09.01"]
[Round "7.2"]
[White "Slipak, Sergio"]
[Black "Iermito, Sebastian"]
[Result "1/2-1/2"]
[WhiteTitle "GM"]
[BlackTitle "IM"]
[WhiteElo "2444"]
[BlackElo "2473"]
[WhiteFideId "100250"]
[BlackFideId "114286"]
[EventDate "2013.08.25"]

1. d4 Nf6 2. c4 c5 3. d5 e6 4. Nc3 exd5 5. cxd5 d6 6. Nf3 g6 7. h3 a6 8. e4 b5
9. Bd3 Bg7 10. O-O O-O 11. Re1 Nbd7 12. Bf4 Qb6 13. Nd2 c4 14. Bf1 Nc5 15. Qc2
Nfd7 16. b4 cxb3 17. axb3 b4 18. Na4 Nxa4 19. Rxa4 Bc3 20. Nc4 Qd8 21. Bd2 Bxd2
22. Qxd2 a5 23. Rea1 Nc5 24. Rxb4 Nxe4 25. Qf4 Nc3 26. Qxd6 Bf5 27. Rb7 Be4 28.
Rd7 Qg5 29. Qe5 Qxe5 30. Nxe5 Bxd5 31. Nc4 a4 32. bxa4 Bxc4 33. Bxc4 Rxa4 34.
Rxa4 Nxa4 35. Rc7 Nb6 36. Bb3 Kg7 37. f3 Kg8 38. Kf2 Kg7 39. Ke3 h5 40. Kf4 Nc8
41. g4 hxg4 42. hxg4 Nd6 43. Rd7 Ne8 44. g5 Kg8 45. Bc4 Ng7 46. Bd5 Nh5+ 47. Kg4
Ng7 48. Rd6 Kh7 49. Rf6 Ne8 50. Rxf7+ Rxf7 51. Bxf7 Nd6 52. Be6 Kg7 53. Kf4 Nb7
54. Ke5 Nc5 55. Bc4 Nd7+ 56. Kd6 Nf8 57. Ke7 Nh7 58. f4 Nf8 59. Ke8 Nh7 60. Bd3
Nf8 61. Bxg6 Nxg6 62. f5 Ne5 63. Ke7 Nf7 64. g6 Nh8 65. Ke6 Nxg6 66. fxg6 Kxg6 1/2-1/2

[Event "88th ch-ARG Superior 2013"]
[Site "Resistance/Saenz Pena ARG"]
[Date "2013.09.01"]
[Round "7.3"]
[White "Flores, Diego"]
[Black "Pierrot, Facundo"]
[Result "1-0"]
[WhiteTitle "GM"]
[BlackTitle "IM"]
[WhiteElo "2578"]
[BlackElo "2419"]
[WhiteFideId "108049"]
[BlackFideId "103250"]
[EventDate "2013.08.25"]

1. c4 c5 2. g3 g6 3. Bg2 Bg7 4. Nf3 Nc6 5. Nc3 e5 6. a3 Nge7 7. O-O O-O 8. Rb1
a5 9. Ne1 d6 10. Nc2 Be6 11. Ne3 f5 12. Ned5 Kh8 13. d3 h6 14. Bd2 Rb8 15. b4
axb4 16. axb4 b6 17. Qa4 Bd7 18. b5 Nd4 19. e3 Ne6 20. Nxe7 Qxe7 21. f4 g5 22.
Qa7 Qd8 23. fxe5 dxe5 24. Nd5 Rf7 25. Bc3 Be8 26. Qa1 Qd6 27. Rb2 Nc7 28. Rbf2
Bd7 29. Nxc7 Qxc7 30. Bd5 Re7 31. Rxf5 Bxf5 32. Rxf5 Rf8 33. Rxf8+ Bxf8 34. Qf1
Bg7 35. Qf5 Qd7 36. Qg6 Qe8 37. Qd6 Ra7 38. Qxb6 Ra3 39. Bxe5 1-0

[Event "88th ch-ARG Superior 2013"]
[Site "Resistance/Saenz Pena ARG"]
[Date "2013.09.01"]
[Round "7.4"]
[White "Peralta, Fernando"]
[Black "Mareco, Sandro"]
[Result "1/2-1/2"]
[WhiteTitle "GM"]
[BlackTitle "GM"]
[WhiteElo "2609"]
[BlackElo "2561"]
[WhiteFideId "105309"]
[BlackFideId "112275"]
[EventDate "2013.08.25"]

1. d4 Nf6 2. c4 e6 3. Nc3 Bb4 4. e3 O-O 5. Bd3 d5 6. Nf3 c5 7. O-O Nc6 8. cxd5
exd5 9. dxc5 Bxc5 10. h3 a6 11. b3 Re8 12. Bb2 Ba7 13. Ne2 Ne4 14. Rc1 Bf5 15.
Nfd4 Bd7 16. Bxe4 dxe4 17. Nxc6 Bxc6 18. Nd4 Bxd4 19. Bxd4 Qd7 20. Rc5 Qe6 21.
Qh5 f6 22. Rfc1 Rac8 23. Qh4 Bd7 24. Rc7 Bc6 25. Qg3 Rxc7 26. Qxc7 Rc8 27. Qb6
Bd5 28. Rxc8+ Qxc8 29. Qd6 Bc6 30. Qe7 1/2-1/2

[Event "88th ch-ARG Superior 2013"]
[Site "Resistance/Saenz Pena ARG"]
[Date "2013.09.01"]
[Round "7.5"]
[White "Krysa, Leandro"]
[Black "Perez Ponsa, Federico"]
[Result "1-0"]
[WhiteTitle "IM"]
[BlackTitle "GM"]
[WhiteElo "2422"]
[BlackElo "2497"]
[WhiteFideId "116807"]
[BlackFideId "117927"]
[EventDate "2013.08.25"]

1. d4 Nf6 2. c4 e6 3. Nc3 Bb4 4. Qc2 O-O 5. a3 Bxc3+ 6. Qxc3 h6 7. g3 d6 8. Bg2
Re8 9. e4 e5 10. d5 c6 11. Ne2 cxd5 12. cxd5 Nbd7 13. f3 b6 14. b4 Ba6 15. Be3
Qb8 16. Qb2 Bc4 17. O-O b5 18. Rfc1 a5 19. Nc3 Rc8 20. h4 Rc7 21. Bh3 Nb6 22.
Qf2 Nfd7 23. Kh2 axb4 24. axb4 Rxa1 25. Rxa1 Bb3 26. Qe1 Na4 27. Rc1 Kf8 28.
Nxa4 bxa4 29. Rc6 Ke7 30. Qc3 Kd8 31. b5 Rb7 32. b6 g6 33. h5 gxh5 34. Kg2 Qa8
35. Rxd6 a3 36. Rxh6 Qa6 37. Qc8+ 1-0

[Event "88th ch-ARG Superior 2013"]
[Site "Resistance/Saenz Pena ARG"]
[Date "2013.09.01"]
[Round "7.7"]
[White "Valerga, Diego"]
[Black "Liascovich, Lucas"]
[Result "1/2-1/2"]
[WhiteTitle "GM"]
[BlackTitle "IM"]
[WhiteElo "2490"]
[BlackElo "2447"]
[WhiteFideId "100587"]
[BlackFideId "108634"]
[EventDate "2013.08.25"]

1. d4 d5 2. c4 dxc4 3. e3 e5 4. Bxc4 exd4 5. exd4 Nf6 6. Nf3 Be7 7. Nc3 O-O 8.
O-O Nbd7 9. Re1 Nb6 10. Bb3 c6 11. Ne5 Nbd5 12. Qf3 Be6 13. Bg5 Nc7 14. Bc2 g6
15. Rad1 Nfd5 16. Bh6 Re8 17. Bb3 Bg5 18. Bxg5 Qxg5 19. Ne4 Qe7 20. Nc5 Nb5 21.
Ned7 Kg7 22. Bxd5 cxd5 23. Qf4 Qd6 24. Qf6+ Kg8 25. Ne5 b6 26. a4 Nxd4 27. Na6
Nf5 28. g4 Ng7 29. Nxf7 Qd7 30. Ne5 Qxa4 31. Nc7 Rf8 32. Qg5 Qc2 33. Nxa8 Qxf2+
34. Kh1 d4 35. Nc7 Bc8 36. Nc6 Qf3+ 37. Kg1 Qf2+ 1/2-1/2

[Event "88th ch-ARG Superior 2013"]
[Site "Resistance/Saenz Pena ARG"]
[Date "2013.09.02"]
[Round "8.2"]
[White "Paveto, Kevin"]
[Black "Valerga, Diego"]
[Result "0-1"]
[WhiteTitle "FM"]
[BlackTitle "GM"]
[WhiteElo "2343"]
[BlackElo "2490"]
[WhiteFideId "173444"]
[BlackFideId "100587"]
[EventDate "2013.08.25"]

1. e4 c5 2. Nf3 d6 3. d4 cxd4 4. Nxd4 Nf6 5. Nc3 e6 6. Be2 Be7 7. O-O O-O 8. f4
Nc6 9. Be3 e5 10. fxe5 dxe5 11. Nxc6 bxc6 12. Qe1 Be6 13. Qg3 Qc7 14. Kh1 Kh8
15. Bg5 Rad8 16. Rf2 Ng8 17. Raf1 Bxg5 18. Qxg5 Qa5 19. Bd3 f6 20. Qh4 Ne7 21.
Rf3 Ng6 22. Qe1 Nf4 23. b3 c5 24. g3 Nh3 25. Na4 Qxe1 26. Rxe1 c4 27. bxc4 Rc8
28. Bf1 Ng5 29. Rc3 Rfd8 30. h4 Nf7 31. Bd3 Rd4 32. Nb2 Nd6 33. Kg1 h5 34. c5
Rb4 35. Nd1 Nb5 36. a3 Rb1 37. Bxb5 Rxb5 38. c6 Rb6 39. c7 Rb7 40. Ne3 Rcxc7 41.
Rxc7 Rxc7 42. c4 Kg8 43. Rc1 Rc5 44. Kf2 Kf8 45. Ke2 Ke7 46. Kd3 Ra5 47. Rc3 Kd6
48. Rb3 Kc5 49. Kc3 g6 50. Nc2 Bxc4 51. Rb7 Bb5 52. Rg7 Bc6 53. Rxg6 Bxe4 54.
Rxf6 Bxc2 55. Kxc2 Rxa3 56. Rf5 Kd4 57. Rxh5 Rxg3 58. Rg5 Rxg5 59. hxg5 Kd5 60.
Kd3 a5 61. g6 Ke6 62. g7 Kf7 63. Ke4 a4 0-1

[Event "88th ch-ARG Superior 2013"]
[Site "Resistance/Saenz Pena ARG"]
[Date "2013.09.02"]
[Round "8.3"]
[White "Perez Ponsa, Federico"]
[Black "Tristan, Leonardo"]
[Result "1/2-1/2"]
[WhiteTitle "GM"]
[BlackTitle "IM"]
[WhiteElo "2497"]
[BlackElo "2457"]
[WhiteFideId "117927"]
[BlackFideId "113816"]
[EventDate "2013.08.25"]

1. d4 Nf6 2. c4 e6 3. Nf3 d5 4. g3 dxc4 5. Bg2 Nc6 6. Qa4 Nd7 7. Qxc4 Nb6 8. Qb5
Qd5 9. Nc3 Bb4 10. Qd3 e5 11. O-O Bxc3 12. Nxe5 Qxd4 13. Nxc6 Qxd3 14. exd3 Bf6
15. Re1+ Kf8 16. Ne5 g5 17. a4 a5 18. f4 h6 19. Be3 gxf4 20. gxf4 Ra6 21. Rac1
Bxe5 22. fxe5 c6 23. Bc5+ Ke8 24. Re4 Be6 25. Kf2 Nd7 26. Bd4 Nf8 27. Bc3 Bd5
28. Rg4 h5 29. Rg3 Ne6 30. Bxd5 1/2-1/2

[Event "88th ch-ARG Superior 2013"]
[Site "Resistance/Saenz Pena ARG"]
[Date "2013.09.02"]
[Round "8.4"]
[White "Mareco, Sandro"]
[Black "Krysa, Leandro"]
[Result "1/2-1/2"]
[WhiteTitle "GM"]
[BlackTitle "IM"]
[WhiteElo "2561"]
[BlackElo "2422"]
[WhiteFideId "112275"]
[BlackFideId "116807"]
[EventDate "2013.08.25"]

1. e4 e5 2. Nf3 Nc6 3. d4 exd4 4. Nxd4 Nf6 5. Nxc6 bxc6 6. e5 Qe7 7. Qe2 Nd5 8.
c4 Nb6 9. Nc3 Qe6 10. Qe4 g6 11. Bd3 Bg7 12. f4 O-O 13. O-O Ba6 14. b3 f5 15.
Qf3 1/2-1/2

[Event "88th ch-ARG Superior 2013"]
[Site "Resistance/Saenz Pena ARG"]
[Date "2013.09.02"]
[Round "8.5"]
[White "Pierrot, Facundo"]
[Black "Peralta, Fernando"]
[Result "0-1"]
[WhiteTitle "IM"]
[BlackTitle "GM"]
[WhiteElo "2419"]
[BlackElo "2609"]
[WhiteFideId "103250"]
[BlackFideId "105309"]
[EventDate "2013.08.25"]

1. e4 d6 2. d4 Nf6 3. Nc3 g6 4. Nf3 Bg7 5. Be2 O-O 6. O-O c6 7. h3 Nbd7 8. e5
Ne8 9. exd6 Nxd6 10. Re1 Nb6 11. Bd3 Bf5 12. Bf4 Re8 13. Ne2 a5 14. a4 Nd5 15.
Be5 Bh6 16. Bxf5 Nxf5 17. c3 b5 18. Ng3 Nxg3 19. Bxg3 f6 20. Qb3 Qd7 21. Re2 e6
22. Rae1 Kf7 23. Qc2 Ra7 24. h4 Nb6 25. axb5 cxb5 26. h5 Qd5 27. hxg6+ hxg6 28.
Nh4 Qh5 29. Re5 fxe5 30. Rxe5 Qg4 31. Nf3 Nd7 32. Nh2 Nxe5 33. Nxg4 Nxg4 34. Qe2
Nf6 35. Qxb5 Ree7 36. Bd6 Reb7 37. Qe2 Rb3 38. Ba3 Rab7 39. Qa6 Bc1 40. Bb4
R7xb4 41. cxb4 Rxb4 42. Qa7+ Ke8 43. Qxa5 Nd5 44. Qa8+ Kf7 45. Qa7+ Kf6 46. Qh7
Bxb2 47. Qh8+ Ke7 48. Qg7+ Kd6 49. Qxg6 Bxd4 50. Qe8 Bb6 51. Kh2 Rh4+ 52. Kg3
Rf4 53. f3 Rf5 54. Qa4 Ke7 55. Qc6 Bg1 56. Qc1 Be3 57. Qb2 Kf7 58. Qb7+ Kf6 59.
Qb2+ Kg6 60. Qb1 Kf7 61. Qe4 Bg1 62. Qc2 Rh5 63. Qe4 Rf5 64. Qc2 Be3 65. Qe4
Rg5+ 66. Kh2 Rh5+ 67. Kg3 Bg1 68. Qc2 Rf5 69. Qe4 Bb6 70. Qb1 Rg5+ 71. Kh2 Rh5+
72. Kg3 Rh6 73. Qe4 Rg6+ 74. Kh2 Bf2 75. g4 Bb6 76. Kg3 Rh6 77. g5 Rg6 78. Kh4
Be3 79. Qa4 Bxg5+ 80. Kh3 Bf4 81. Qd7+ Ne7 82. Qb7 Rg8 83. Kh4 Kf6 84. Qb2+ Be5
85. Qc2 Nf5+ 0-1

[Event "88th ch-ARG Superior 2013"]
[Site "Resistance/Saenz Pena ARG"]
[Date "2013.09.02"]
[Round "8.6"]
[White "Iermito, Sebastian"]
[Black "Flores, Diego"]
[Result "0-1"]
[WhiteTitle "IM"]
[BlackTitle "GM"]
[WhiteElo "2473"]
[BlackElo "2578"]
[WhiteFideId "114286"]
[BlackFideId "108049"]
[EventDate "2013.08.25"]

1. e4 d6 2. d4 Nf6 3. Nc3 g6 4. Be3 a6 5. Be2 Bg7 6. f4 O-O 7. Bf3 e5 8. Nge2
Ng4 9. Bg1 exf4 10. Nxf4 Nc6 11. g3 Nh6 12. Bf2 f5 13. O-O fxe4 14. Nxe4 Kh8 15.
c3 Bd7 16. Bg2 Ng4 17. Qb3 Na5 18. Qd5 Rf5 19. Nxd6 cxd6 20. Qxd6 Bf8 21. Nxg6+
hxg6 22. Qxg6 Qg5 23. Qxg5 Rxg5 24. b4 Nc6 25. d5 Nce5 26. Bd4 Bg7 27. h3 Nh6
28. Rae1 Re8 29. c4 Rxg3 30. Kh2 Rd3 31. Ba1 Rd2 0-1

[Event "88th ch-ARG Superior 2013"]
[Site "Resistance/Saenz Pena ARG"]
[Date "2013.09.02"]
[Round "8.7"]
[White "Lorenzini, Martin"]
[Black "Slipak, Sergio"]
[Result "1-0"]
[BlackTitle "GM"]
[WhiteElo "2487"]
[BlackElo "2444"]
[WhiteFideId "105570"]
[BlackFideId "100250"]
[EventDate "2013.08.25"]

1. e4 e5 2. Nf3 Nc6 3. Bc4 Nf6 4. Ng5 d5 5. exd5 Na5 6. Bb5+ c6 7. dxc6 bxc6 8.
Be2 h6 9. Nh3 Bd6 10. d3 O-O 11. Nc3 Nd5 12. O-O Qh4 13. Kh1 Nxc3 14. bxc3 Bxh3
15. gxh3 Qxh3 16. f4 exf4 17. Bxf4 Rad8 18. Rf3 Qe6 19. Be3 c5 20. Qg1 Nc6 21.
Qg2 f5 22. Rg1 Rf7 23. Rh3 f4 24. Bg4 Qe7 25. Bf3 fxe3 26. Bd5 Kh8 27. Bxf7 Qxf7
28. Qxc6 Re8 29. Qf3 Qf4 30. Qg2 Qf6 31. Rf3 Qxc3 32. Qg6 Qe5 33. Qg2 Qd4 34.
Re1 Bf4 35. Qg4 Bg5 36. Qxd4 cxd4 37. Re2 Re5 38. c4 dxc3 39. Rf8+ Kh7 40. Rc8
Kg6 41. Rxc3 Ra5 42. Kg2 Kf5 43. Rec2 Ra4 44. Rc5+ Ke6 45. Kf3 Rf4+ 46. Kxe3
Rh4+ 47. Kf3 Rh3+ 48. Kg2 Rxd3 49. Rc7 a5 50. Rxg7 a4 51. Rgc7 Bd2 52. R7c4 a3
53. Kf2 Rd7 54. Ra4 Rf7+ 55. Kg2 Rg7+ 56. Kh3 Rd7 57. Rxa3 Bf4 58. Re2+ Kf5 59.
Rf2 1-0